000 00532nam a22001817a 4500
005 20230203114204.0
008 230203b ||||| |||| 00| 0 eng d
040 _cAL
041 _aEnglish
082 _223
_a657.3
_bICFF
100 _aIcfai University Press
_970776
245 _aFinancial Statement Analysis: Workbook
260 _aHyderabad
_bIcfai University Press
_c2007
300 _a324 p.
_bPB
_c27x21 cm.
650 _aFinancial Statement Analysis
_970777
700 _aICFAI UNIVERSITY PRESS
_970778
942 _2ddc
_cDB
999 _c226564
_d226564